Statistics for 海上自衛隊の船舶

Click here to take the quiz!

General Stats

  • This quiz has been taken 88 times
  • The average score is 42 of 134

Answer Stats

Answer% Correct
いせ
82%
いずも
80%
かが
80%
ひゅうが
76%
こんごう
71%
きりしま
67%
そうりゅう
65%
おおすみ
55%
もがみ
55%
あき
53%
ちょうかい
53%
あたご
53%
くまの
53%
まや
51%
おやしお
51%
あしがら
49%
とね
49%
くろしお
47%
いかづち
47%
いなづま
47%
ちくま
47%
みょうこう
47%
はぐろ
47%
しらせ
47%
たいげい
43%
うんりゅう
43%
はやぶさ
41%
あきづき
41%
あさひ
39%
あぶくま
39%
ゆうだち
37%
せんだい
37%
とわだ
37%
てんりゅう
37%
さみだれ
37%
ひびき
37%
じんつう
35%
すずつき
35%
ふゆづき
35%
しらぬい
35%
はるさめ
35%
むらさめ
35%
おおよど
35%
はくりゅう
33%
あわじ
33%
ぶんご
33%
くにさき
33%
うずしお
33%
こくりゅう
31%
とうりゅう
31%
あすか
31%
わかたか
31%
はしだて
31%
さざなみ
31%
しまかぜ
31%
ありあけ
31%
たかなみ
31%
のしろ
31%
おおなみ
31%
やはぎ
29%
ましゅう
29%
ゆうぎり
29%
しもきた
29%
せいりゅう
29%
まきなみ
29%
けんりゅう
29%
みくま
29%
みちしお
29%
てるづき
29%
ちよだ
27%
すおう
27%
じんりゅう
27%
えのしま
27%
あまぎり
27%
くまたか
27%
くろべ
27%
はくげい
27%
むろと
27%
はたかぜ
27%
やまぎり
24%
あさぎり
24%
あけぼの
24%
ひらど
24%
げんかい
24%
ときわ
24%
せとしお
24%
たかしお
24%
おうみ
24%
さわぎり
22%
おおたか
22%
はつしま
22%
せとぎり
22%
あまくさ
22%
はまぎり
22%
わかさ
22%
はりま
22%
おうりゅう
22%
しょうりゅう
22%
はまな
22%
みやじま
20%
ちちじま
20%
ちはや
20%
うらが
20%
うみたか
20%
せきりゅう
20%
うみぎり
20%
ふたみ
18%
しょうなん
18%
なるしお
18%
すずなみ
18%
しらたか
18%
えたじま
18%
たかしま
18%
まきしお
18%
ずいりゅう
18%
あおしま
18%
もちしお
18%
やえしお
18%
きりさめ
18%
やくしま
16%
ひらしま
16%
えんしゅう
16%
にちなん
16%
あいしま
16%
いずしま
16%
いそしお
16%
くろしま
14%
すがしま
14%
ひうち
14%
ししじま
14%
つのしま
12%
とよしま
12%
うくしま
12%
なおしま
10%

Score Distribution

Percentile by Number Answered

Percent of People with Each Score

Your Score History

You have not taken this quiz